Infinito, transfinito, finito
Uloženo v:
| Hlavní autor: | |
|---|---|
| Médium: | Kniha |
| Jazyk: | španělština |
| Vydáno: |
Barcelona
Anthropos
1984
|
| Edice: | Pensamiento Crítico Pensamiento Utópico, 7
|
| Témata: | |
| Tagy: |
Přidat tag
Žádné tagy, Buďte první, kdo vytvoří štítek k tomuto záznamu!
|
MARC
| LEADER | 00000nam a2200000 a 4500 | ||
|---|---|---|---|
| 001 | UCZ2224 | ||
| 003 | CL-VaPUC | ||
| 008 | 950926e19840000SP |||||||||||||||||spa|d | ||
| 082 | 0 | 4 | |a 115 |b GAR |2 21 |
| 100 | |a García Bacca, Juan David |e author |9 571593 | ||
| 245 | 1 | 0 | |a Infinito, transfinito, finito |
| 300 | |a 170 p | ||
| 942 | |c BK | ||
| 945 | |d 19950926 00:00:00 |a cmena | ||
| 260 | |a Barcelona |b Anthropos |c 1984 | ||
| 650 | 0 | |a Filosofía |9 223554 | |
| 650 | 0 | |a Infinito |9 312136 | |
| 650 | 0 | |a Espacio y tiempo |9 265042 | |
| 650 | 0 | |a Metafísica |9 265649 | |
| 583 | |a last modification |c 19950926 00:00:00 |k Rodrigo Vera | ||
| 490 | 0 | |a Pensamiento Crítico Pensamiento Utópico, 7 | |
| 999 | |c 238864 |d 238862 | ||
| 952 | |0 0 |1 0 |4 0 |6 115_000000000000000_GAR_1984 |7 0 |8 A |9 249434 |a BIBEDU |b BIBEDU |d 2019-11-18 |i 1565885 |l 1 |o 115 GAR 1984 |p 1565885 |r 2023-04-05 |s 2023-04-04 |w 2019-11-18 |y BK |k FIL | ||